000 00447nam a2200169Ia 4500
008 240729s9999 xx 000 0 und d
022 _a2549-1555
245 0 _aJurnal Kewirausahaan dan Bisnis
260 _aIndonesia
260 _bUniversitas Sebelas Maret
650 _a Business
650 _a Commerce
650 _aSocial Sciences
856 _uhttps://doaj.org/toc/8d2b6b075c6b426b9dce2d6fd8553d1c
942 _2ddc
942 _cDOAJEJ
999 _c67385
_d67385
945 _a1
_bMadushi Gamage
_c1
_dMadushi Gamage